| 000 | 00500nam a2200157Ia 4500 | ||
|---|---|---|---|
| 999 |
_c12544 _d12544 |
||
| 082 | _aTU.0024 | ||
| 100 | _aUppal, Surjit Singh | ||
| 245 | 0 | _aDevelopment of a curriculum in science for secondary schools in the state of Maharashtra | |
| 260 |
_c1977 _bUniversity of Bombay |
||
| 300 | _a246p. | ||
| 650 | _aHIGH SCHOOLS - CURRICULA - MAHARASHTRA | ||
| 650 | _aSCIENCE - CURRICULA | ||
| 650 | _aSCIENCE - STUDY AND TEACHING (SECONDARY) - MAHARASHTRA | ||
| 710 | _aShukla, N.N. | ||
| 942 |
_cTH _2ddc |
||